Cyclisme : Top 20 des Strade Bianche 2024 - Statistiques

Statistiques générales
  • Ce quiz a été pris 22 fois
  • Le résultat moyen est 7 sur 20
Statistiques - réponses
Position Equipe Coureur % Correct
1er UAE Team Emirates Tadej Pogacar
100%
3eme Lotto Dstny Maxim Van Gils
75%
4eme Ineos Grenadier Thomas Pidcock
60%
2eme Lidl Trek Toms Skujins
60%
8eme Groupama FDJ Lenny Martinez
55%
5eme Bahrain Victorious Matej Mohoric
55%
15eme Groupama FDJ Valentin Madouas
55%
11eme Lotto Dstny Lennert Van Eetvelt
40%
17eme Dsm Firmenich PostNL Romain Bardet
40%
13eme UAE Team Emirates Tim Wellens
40%
6eme Decathlon Ag2r La Mondiale Benoit Cosnefroy
35%
12eme EF Education Easypost Ben Healy
30%
10eme Visma Lease a Bike Christophe Laporte
25%
18eme Ineos Grenadier Magnus Sheffield
10%
19eme Visma Lease a Bike Attila Valter
5%
7eme Movistar Team Davide Formolo
5%
9eme Jayco AlUla Filippo Zana
5%
14eme Intermarché Wanty Francesco Busatto
0%
16eme Israel Premier Tech Krists Neilands
0%
20eme BORA Hansgrohe Lennard Kamna
0%
Aucun quiz correspondant
Distribution des résultats
% des personnes avec chaque résultat
Percentile par nombre de réponses
Votre historique - résultats
Vous n’avez pas pris ce quiz